| 000 | 01124nam a22002417a 4500 | ||
|---|---|---|---|
| 005 | 20250501143943.0 | ||
| 008 | 250428b |||||||| |||| 00| 0 eng d | ||
| 020 | _a978-8194900214 (hbk) | ||
| 037 | _cTB | ||
| 040 |
_aCRL _cCRL |
||
| 041 |
_2hin _ahin |
||
| 084 |
_aY49(J):3.2 152R1 _qCRL |
||
| 245 |
_aकिसान आंदोलन: _bलहर भी, संघर्ष भी, जश्न भी |
||
| 260 |
_aगाज़ियाबाद, भारत: _bनवारुण, _c2021. |
||
| 300 | _a106पृ0 | ||
| 365 |
_b260.00 _cINR |
||
| 650 | _2समाज शास्त्र | ||
| 650 |
_aकिसान आंदोलन _9753679 |
||
| 700 |
_aकौर, बलवंत _eसंपादक _9753069 |
||
| 700 |
_aवर्मा, विभास _eसंपादक _9753070 |
||
| 942 |
_2CC _cTB _hY49(J):3.2 152R1 _n0 |
||
| 999 |
_c1309419 _d1309419 |
||